00339nam a2200133Ia 4500003000400000005001700004008004100021040000700062082002200069100001800091245005200109260003600161365000800197OSt20230609111931.0210423s2005 xx 000 0 und d cAL a155.9042 KHWY223 aKHWAJA (Ali). aYoung ladies: loneliness stress and alcoholism. aBangalorebBanjara Acdemyc2005 cINR